Mega Man Bosses - Statistics

General Stats
  • This quiz has been taken 259 times
  • The average score is 29 of 36
Answer Stats
Hint Answer % Correct
Hero Mega man
98%
Blizzard Robot Ice Man
95%
Cutting robot Cut Man
93%
Good Doctor Dr Light
93%
Metal Robot Metal Man
92%
Flaming Robot Fire Man
91%
Hero's Dog Rush
91%
Bad Doctor Dr Wily
90%
Electricity Robot Elec Man
89%
Brother Proto Man
89%
Explosion Robot Bomb Man
88%
Magnetic Robot Magnet Man
87%
Fast Robot Quick Man
87%
Builder Robot Guts Man
86%
Snakey Robot Snake Man
86%
Tree Robot Wood Man
86%
Sparky Robot Spark Man
85%
Oil robot Oil Man
84%
Helper Roll
84%
Wind Robot Air Man
83%
Hard Robot Hard Man
83%
Fire Robot Heat Man
83%
Watery Robot Bubble Man
82%
Spinning Robot Top Man
82%
Ninja Robot Shadow Man
81%
Skully Robot Skull Man
81%
Time Robot Time Man
81%
Boom Robot Crash Man
76%
Freeze Robot Flash Man
76%
Frog Robot Toad Man
76%
Cloning Robot Gemini Man
75%
Pointy Robot Needle Man
73%
Mining Robot Drill Man
61%
Light Robot Bright Man
44%
Water Robot Dive Man
41%
Pyramid Robot Pharoh Man
38%
No matching quizzes found
Score Distribution
Percent of People with Each Score
Percentile by Number Answered
Your Score History
You have not taken this quiz